Cómo regular el cannabis : una guía práctica /
Obra que reúne experiencias legales y culturales de países que han regulado el uso de cannabis para fines no médicos, con el fin de proporcionar marcos y procedimientos normativos que estimulen una reforma en las políticas antidrogas.
Guardado en:
| Autor principal: | |
|---|---|
| Otros autores: | , |
| Formato: | Libro |
| Idioma: | Español |
| Publicado: |
Bristol, Inglaterra : México :
Transform Drug Policy Foundation ; México Unido Contra la Delincuencia,
2014, c2014
|
| Temas: | |
| Etiquetas: |
Sin etiquetas, Sé el primero en etiquetar este registro!
|
MARC
| LEADER | 00000nam^a2200000^a^4500 | ||
|---|---|---|---|
| 001 | 000357453 | ||
| 005 | 20250521000000.0 | ||
| 009 | 20260310115301.498 | ||
| 020 | |a 978-0-9556428-7-6 | ||
| 025 | |a Donación Juan Diego Castillo, 1 ejemplar | ||
| 037 | |a Acervo ITESO - Biblioteca | ||
| 041 | |a ESP | ||
| 082 | |a 364. 177 |b ROL | ||
| 100 | |a Rolles, Steve |e (autor) | ||
| 245 | 1 | 0 | |a Cómo regular el cannabis : |b una guía práctica / |c S. Rolles, G. Murkin ; ed. de M. Powell ; tr. por Acevedo Guiomar. |
| 264 | 4 | |a Bristol, Inglaterra : |b Transform Drug Policy Foundation ; |a México : |b México Unido Contra la Delincuencia, |c 2014, c2014 | |
| 300 | |a 283 p. | ||
| 336 | |a texto |b txt |2 rdacontenido | ||
| 337 | |a sin mediación |b n |2 rdamedio | ||
| 338 | |a volumen |b nc |2 rdasoporte | ||
| 520 | |a Obra que reúne experiencias legales y culturales de países que han regulado el uso de cannabis para fines no médicos, con el fin de proporcionar marcos y procedimientos normativos que estimulen una reforma en las políticas antidrogas. | ||
| 649 | |a XX | ||
| 650 | |a Marihuana - |x Aspectos Jurídicos - |x Tema Principal | ||
| 650 | |a Drogas Ilegales - |x Aspectos Jurídicos | ||
| 650 | |a Drogas - |x Aspectos Jurídicos | ||
| 650 | |a Drogadicción | ||
| 650 | |a Problemas Sociales | ||
| 650 | |a Delitos Contra la Salud | ||
| 650 | |a Política Antidrogas - |x Tema Principal | ||
| 650 | |a Política Criminológica | ||
| 650 | |a Criminología | ||
| 700 | |a Murkin, George |e (autor) | ||
| 700 | |a Powell, Martin |e (edición) | ||
| 910 | |a Fondo Castillo-Martínez | ||
| 920 | |a Impresos - Libros | ||
| 930 | |a Fondos Especiales | ||
| 905 | |a 127 | ||
| 901 | |a 0500249780 |b IT2 |c ESP |i D |u 20250521 | ||
| 902 | |a https://opac.biblio.iteso.mx/vufind/Record/000357453 | ||